Statistics for UK Monarchs - Richard III Of England

Click here to take the quiz!

General Stats

  • This quiz has been taken 4 times
  • The average score is 8 of 10

Answer Stats

QuestionAnswer% Correct
Year Richard III was crowned1483
100%
Battle where Richard III was killed in 1485Battle of Bosworth
100%
King that was Richard's older brotherEdward IV
100%
Dynasty Richard III belonged toPlantagenet
100%
What are his two nephews who disappeared commonly known as?The Princes in the tower
100%
House Richard III belonged to represented by a white roseYork
100%
Year Richard III was born1452
75%
Location Richard III's burial was rediscovered in 2012Leicester
75%
Title Richard received in 1461Duke of Gloucester
25%
Title Richard was given while his nephews were too young to ruleLord Protector
25%

Score Distribution

Percentile by Number Answered

Percent of People with Each Score

Your Score History

You have not taken this quiz